00982nam a2200229 a 4500001001000000003000500010005001700015008004100032010001100073011001100084040000900095100003900104245019700143260004100340500006000381502010200441650002400543650005700567650003200624700002600656856007000682000109578CHAP20220329144055.0140512s2014 mx a sm |||||||spa d a106040 a107012 cCHAP1 aPérez Encarnación, Laura Joana10aImpacto de la homologación del impuesto al valor agregado en las ciudades fronterizas del norte de Máxico, 2014h[En línea]cpor Laura Joana Pérez Encarnación y Roxana Solis Serrato. aChapingo, Méx. :bEl autor,c2014. aPara ver el contenido del material haga clic en la liga aTesis (Lic. en Economía Agrícola) -- UACH. División de Ciencias Económico Administrativas14aAranceleszMéxico14aFrontera norte (México)xCondiciones económicas.14aImpuesto al valor agregado.1 aSolis Serrato, Roxana aFinding aiduhttp://10.13.5.2/tesis/sist109578.pdfzTeclea aquí